<?xml version="1.0" encoding="UTF-8"?>
<collection xmlns="http://www.loc.gov/MARC21/slim">
 <record>
  <leader>00728pamaa2200229   4500</leader>
  <controlfield tag="001">0000021383</controlfield>
  <controlfield tag="005">20080312090000.0</controlfield>
  <datafield tag="020" ind1="0" ind2="0">
   <subfield code="a">0094735204 </subfield>
  </datafield>
  <datafield tag="082" ind1=" " ind2=" ">
   <subfield code="a">364.1523 MAS</subfield>
  </datafield>
  <datafield tag="090" ind1="0" ind2="0">
   <subfield code="a">HV6515 </subfield>
   <subfield code="b">MAS 1994</subfield>
  </datafield>
  <datafield tag="100" ind1="1" ind2="0">
   <subfield code="a">Masters </subfield>
  </datafield>
  <datafield tag="245" ind1="1" ind2="4">
   <subfield code="a">The Newall murders  </subfield>
   <subfield code="c">Anthony Masters and Philip Falle.</subfield>
  </datafield>
  <datafield tag="260" ind1="0" ind2="0">
   <subfield code="a">London: </subfield>
   <subfield code="b">Constable, </subfield>
   <subfield code="c">1994.</subfield>
  </datafield>
  <datafield tag="300" ind1=" " ind2=" ">
   <subfield code="a">204 p. : [12] p. of plates ; 23 cm.</subfield>
  </datafield>
  <datafield tag="600" ind1="1" ind2="0">
   <subfield code="a">Newall, </subfield>
   <subfield code="h">Roderick</subfield>
  </datafield>
  <datafield tag="600" ind1="1" ind2="0">
   <subfield code="a">Newall, </subfield>
   <subfield code="h">Mark</subfield>
  </datafield>
  <datafield tag="600" ind1="1" ind2="0">
   <subfield code="a">Newall, </subfield>
   <subfield code="h">Nicholas Park</subfield>
  </datafield>
  <datafield tag="600" ind1="1" ind2="0">
   <subfield code="a">Newall, </subfield>
   <subfield code="h">Elizabeth</subfield>
  </datafield>
  <datafield tag="650" ind1="0" ind2="0">
   <subfield code="a">Parricide -- </subfield>
   <subfield code="x">Case studies -- </subfield>
   <subfield code="z">Channel Islands -- </subfield>
   <subfield code="z">Jersey </subfield>
  </datafield>
  <datafield tag="650" ind1="0" ind2="0">
   <subfield code="a">Murderers -- </subfield>
   <subfield code="x">Biography -- </subfield>
   <subfield code="z">Channel Islands -- </subfield>
   <subfield code="z">Jersey </subfield>
  </datafield>
  <datafield tag="650" ind1="0" ind2="0">
   <subfield code="a">Criminal psychology </subfield>
  </datafield>
  <datafield tag="700" ind1="1" ind2="1">
   <subfield code="a">FALLE, </subfield>
   <subfield code="h">Philip </subfield>
  </datafield>
 </record>
</collection>
